| 000 | 00594cab a2200205 4500 | ||
|---|---|---|---|
| 001 | X3359 | ||
| 008 | 090401t1996 xxu||||| |||| 00| 0 eng d | ||
| 035 | _a(Sirsi) u29969 | ||
| 041 | _aeng | ||
| 245 | _aEZs expensive | ||
| 260 | _c1996 | ||
| 350 | _a0 | ||
| 490 |
_aCSM (Chartered Surveyor Monthly) _v5(5) February 1996, 62(1) |
||
| 520 | _aDoE research reveals that whilst EZs have helped to create 58,000 jobs it has been at the cost of £17-21,000 per job. | ||
| 650 | _aENTERPRISE ZONES | ||
| 650 | _aJOB CREATION | ||
| 690 | _aURBAN RENEWAL | ||
| 942 | _n0 | ||
| 948 | _c04/03/1997 | ||
| 999 |
_c20167 _d20167 |
||